| 000 | 00940nam a2200205Ia 4500 | ||
|---|---|---|---|
| 999 |
_c36910 _d36910 |
||
| 001 | 2861 | ||
| 003 | GE_BSU | ||
| 005 | 20190611204449.0 | ||
| 008 | 181216s2011||||ge |||||||||||||| ||geo|| | ||
| 040 | _cGE_BSU | ||
| 041 | _ageo | ||
| 080 | _a7.025+351.85 ს–15 | ||
| 245 |
_aსაერთაშორისო კონფერენცია "საზოგადოება და ისტორიული გარემო" : _b20-22 სექტემბერი, 2011. კონფერენციის მასალები= International Conference Community and Historic Environment 20-22 September, 2011. Proceedings. |
||
| 264 |
_aთბილისი; _c2011. |
||
| 300 |
_a126 გვ. ; _b30 სმ. |
||
| 653 | _aსაზოგადოება | ||
| 653 | _aისტორიული გარემო | ||
| 653 | _aკონფერენციის მასალები | ||
| 942 |
_cBK _2udc |
||